Online Public Access Catalogue

Hepatology; (Record no. 4799)

MARC details
000 -LEADER
fixed length control field 00481nam a2200169Ia 4500
020 ## - INTERNATIONAL STANDARD BOOK NUMBER
International Standard Book Number 0721633811
082 ## - DEWEY DECIMAL CLASSIFICATION NUMBER
Classification number 616.362
Author Mark ZAK
100 ## - MAIN ENTRY--PERSONAL NAME
Author Name Zakim, David.
100 ## - MAIN ENTRY--PERSONAL NAME
Author Name Thomas D. boyer
245 #0 - TITLE STATEMENT
Title Hepatology;
Subtitle A Textbook of liver diseae Vol -2/
250 ## - EDITION STATEMENT
Edition statement 2nd
260 ## - PUBLICATION, DISTRIBUTION, ETC.
Place of publication, distribution, etc. Philadelphia
Name of publisher, distributor, etc. W. B. Saunders Company
Date of publication, distribution, etc. 1990
300 ## - PHYSICAL DESCRIPTION
No of Pages 1568p;
illustrations illl;
Dimensions 29cdm.
490 ## - Volume Statement
Volume vol-2
650 ## - SUBJECT ADDED ENTRY--TOPICAL TERM
Subject Liver Diseases.
Keywords Liver Blood flow
-- hepatic Regeneration
-- imdc
942 ## - ADDED ENTRY ELEMENTS (KOHA)
Koha item type Books
Source of classification or shelving scheme
Holdings
Item status Home library Current library Shelving location Date acquired Total Checkouts Full call number Barcode Date last seen Koha item type
  Islamabad Medical and Dental College Islamabad Medical and Dental College Islamabad Medical and Dental College 16/03/2018   616.362 ZAK 6522 16/03/2018 Books

Copyright @ IMDC Library
Islamabad Medical and Dental College
Bhara Kahu, Islamabad

  Contact the Librarian, IMDC
  Email:: library@imdcollege.edu.pk

  OPAC Customized by
  Mazhar Hussain,
  Librarian:
  Islamabad Medical and Dental College
  Email:: library@imdcollege.edu.pk